Представление документа в формате MARC21

ПолеНазваниеЗначение
  Тип записи a
  Библиографический уровень m
001 Контрольный номер RU\infra-m\znanium\bibl\2237617
005 Дата корректировки 20260429142110.3
008 Кодируемые данные 260331s2025 RU g rus u
020 Индекс ISBN __
a ISBN 978-5-00223-500-1
040 Источник каталогиз. __
a Служба первич. каталог. Общество с ограниченной ответственностью «ЗНАНИУМ»
041 Код языка издания __
a Код языка текста rus
044 Код страны публикации __
a Код страны публикации RU
080 Индекс УДК __
a Индекс УДК 94
084 Индекс другой классификации/Индекс ББК __
2 Источник индекса rubbk
a Индекс другой классификации/Индекс ББК 633
084 Индекс другой классификации/Индекс ББК __
2 Источник индекса okso
a Индекс другой классификации/Индекс ББК 46.03.01
100 Автор __
a Автор Бейл Э.
q Полное имя Бейл Энтони
245 Заглавие __
a Заглавие Путеводитель по Средневековью: Мир глазами ученых, шпионов, купцов и паломников
b Продолж. заглавия Научно-популярная литература
250 Сведения об издании __
a Основные сведения об издании 1
260 Выходные данные __
a Место издания Москва
b Издательство ООО "Альпина нон-фикшн"
c Дата издания 2026
300 Физическое описание __
a Объем 504 с.
520 Аннотация __
a Аннотация Британский историк- медиевист Энтони Бейл приглашает читателей в одиссею по миру Средневековья полному чудес и неожиданностей и пересказывает советы которые передавались из уст в уста странниками того времени. Путешествуя вместе с учеными шпионами монахами в разные концы света вы пройдете по улицам Рима побываете при ханском дворе в Пекине проедете верхом на осле по находящемуся под властью мамлюков Иерусалиму посетите шумный базар Тебриза. Основанный на ранее не переводившихся документах того времени свидетельствах пилигримов и странников «Путеводитель по Средневековью» представляет собой остроумное и увлекательное исследование того как европейцы воспринимали мир за пределами своего континента.
521 Примеч. о цел. назн. __
a Примеч. о целев. назн. Дополнительное образование
650 Тематические рубрики __
a Основная рубрика История. Исторические науки
x Основная подрубрика История Средних веков и Возрождения
655 Указ. предметных рубрик (устаревшее) __
a Жанр/ форма (устаревшее) Научно-популярная литература
856 Электронный адрес документа 4_
a Имя сервера/домена znanium.ru
m Помощь ebs_support@infra-m.ru
n Местонахождение сервера НИЦ ИНФРА-М
u URL https://znanium.ru/catalog/document?id=475165
856 Электронный адрес документа 48
a Имя сервера/домена znanium.ru
d Путь /cover/2237
f Электронное имя 2237617.jpg
q Тип электронного формата image/jpeg
u URL https://znanium.ru/cover/2237/2237617.jpg
911 __
u 0030=https://znanium.ru/catalog/document?id=475165